| 000 | 00582nam a2200169Ia 4500 | ||
|---|---|---|---|
| 003 | GCL | ||
| 008 | 140319s9999 xx 000 0 ara d | ||
| 040 |
_aGCL / _cGCL |
||
| 082 | 0 | 4 |
_a243 _bار |
| 245 | 1 | 0 | _aالروح: فى الكلام على ارواح الاموات والاحياء بالدلائل من الكتاب والسنة والاثار واقوال العلماء |
| 260 |
_a[S.N] : _bالمكتبة القيمة للطباعة والنشر والتوزيع |
||
| 300 | _a318 ص | ||
| 490 | _a | ||
| 650 | 0 | 4 | _aالموت |
| 650 | 0 | 4 | _aالروح |
| 942 |
_2ddc _cBK |
||
| 999 |
_c53495 _d53495 |
||